<?xml version="1.0" encoding="UTF-8"?>
<collection xmlns="http://www.loc.gov/MARC21/slim">
 <record>
  <leader>01237nam a22002177a 4500</leader>
  <controlfield tag="001">NCT_91059</controlfield>
  <controlfield tag="008">210707b        xxu||||| |||| 00| 0 vie d</controlfield>
  <datafield tag="999" ind1=" " ind2=" ">
   <subfield code="c">4493</subfield>
   <subfield code="d">4493</subfield>
  </datafield>
  <datafield tag="020" ind1=" " ind2=" ">
   <subfield code="a">9780415828055</subfield>
   <subfield code="c">1449000</subfield>
  </datafield>
  <datafield tag="082" ind1="0" ind2="4">
   <subfield code="2">23rd ed.</subfield>
   <subfield code="a">420.143</subfield>
   <subfield code="b">K92</subfield>
  </datafield>
  <datafield tag="100" ind1="1" ind2=" ">
   <subfield code="a">Kreidler, Charles W.</subfield>
  </datafield>
  <datafield tag="245" ind1="1" ind2="0">
   <subfield code="a">Introducing English semantics</subfield>
   <subfield code="c">Charles W Kreidler</subfield>
  </datafield>
  <datafield tag="250" ind1=" " ind2=" ">
   <subfield code="a">2nd ed.</subfield>
  </datafield>
  <datafield tag="260" ind1=" " ind2=" ">
   <subfield code="a">London</subfield>
   <subfield code="b">Routledge</subfield>
   <subfield code="c">2014</subfield>
  </datafield>
  <datafield tag="300" ind1=" " ind2=" ">
   <subfield code="a">xii, 196p.</subfield>
   <subfield code="b">ill.</subfield>
   <subfield code="c">24cm</subfield>
  </datafield>
  <datafield tag="504" ind1=" " ind2=" ">
   <subfield code="a">Includes bibliographical references and index</subfield>
  </datafield>
  <datafield tag="520" ind1="3" ind2=" ">
   <subfield code="a">Discusses the nature of human language and how linguists categorise and examine it. Covers meanings expressed in English words, prefixes, suffixes and sentences. Examines such relations as synonymy, antonymy, hyponymy, ambiguity, implication, factivity, aspect, and modality Draws comparisons between English and other languages Illustrates the importance of 'tone of voice' and 'body language' in face-to-face exchanges and the role of context in any communication.</subfield>
  </datafield>
  <datafield tag="653" ind1=" " ind2=" ">
   <subfield code="a">Cơ bản</subfield>
  </datafield>
  <datafield tag="942" ind1=" " ind2=" ">
   <subfield code="2">ddc</subfield>
   <subfield code="c">BK</subfield>
  </datafield>
  <datafield tag="952" ind1=" " ind2=" ">
   <subfield code="0">0</subfield>
   <subfield code="1">0</subfield>
   <subfield code="2">ddc</subfield>
   <subfield code="4">0</subfield>
   <subfield code="6">420_143000000000000_K92</subfield>
   <subfield code="7">0</subfield>
   <subfield code="9">21492</subfield>
   <subfield code="a">000001</subfield>
   <subfield code="b">000001</subfield>
   <subfield code="d">2021-07-07</subfield>
   <subfield code="o">420.143 K92</subfield>
   <subfield code="p">MD.18767</subfield>
   <subfield code="r">2021-07-07</subfield>
   <subfield code="v">999999.99</subfield>
   <subfield code="w">2021-07-07</subfield>
   <subfield code="y">BK</subfield>
  </datafield>
  <datafield tag="980" ind1=" " ind2=" ">
   <subfield code="a">Thư viện Trường Đại học Nam Cần Thơ</subfield>
  </datafield>
 </record>
</collection>
